| 000 | 00525nam a2200181Ia 4500 | ||
|---|---|---|---|
| 001 | 16609 | ||
| 005 | 20260306170322.0 | ||
| 008 | 260306t2024||||xx |||||||||||||| ||und|| | ||
| 041 | _aESP | ||
| 082 |
_a348.8 _bL25 |
||
| 100 |
_aLara Arnao, Ruth Jaqueline, _eAUT |
||
| 245 | 0 | _aLos tipos de despido y las contingencias que generan/ Desvinculación de trabajadores por incurrir en falta grave | |
| 260 | _c2024 | ||
| 300 |
_avarias paginaciones : _c23 cm. |
||
| 650 | _aGEN | ||
| 654 | _aCDE | ||
| 942 |
_cLIB _dJUS _fJUS _2ddc _n |
||
| 999 |
_c16609 _d16609 |
||